Music Quiz

Random Music or Pop Music Quiz

Eurovision Artist Winners Quiz Stats

 Plays Quiz Updated Jun 2, 2021

Support Sporcle.
Go Orange.
Score 0/69 Timer 10:00
8 Plays Today
Year Artist % Correct
2020-
99.9%
1974ABBA
86.8%
2021Måneskin
76.1%
2014Conchita Wurst
75.3%
2018Netta
74.3%
2012Loreen
72.5%
2006Lordi
70.4%
2019Duncan Laurence
64.2%
1970Dana
62.3%
2016Jamala
62.3%
1988Céline Dion
60.3%
1976Brotherhood of Man
59.3%
1980Johnny Logan
58.6%
1987Johnny Logan
58.6%
2015Måns Zelmerlöw
57.9%
1998Dana International
57.3%
2013Emmelie de Forest
57.2%
2010Lena Meyer-Landrut
56.8%
2017Salvador Sobral
56.7%
1997Katrina and the Waves
53.8%
2009Alexander Rybak
53.1%
2004Ruslana
51.1%
1981Bucks Fizz
49.7%
2008Dima Bilan
46.9%
2000Olsen Brothers
46.4%
1969Lulu
43.6%
1967Sandie Shaw
41%
2005Helena Paparizou
39.9%
1982Nicole
37.8%
1991Carola
37.2%
1986Sandra Kim
35.7%
1956Lys Assia
35.1%
2011Ell/Nikki
34.3%
1985Bobbysocks
33.5%
2003Sertab Erener
32.9%
Year Artist % Correct
1995Secret Garden
32.6%
1992Linda Martin
32%
2002Marie N
31.7%
1999Charlotte Nilsson
31.3%
2007Marija Šerifović
30%
1975Teach-In
29.6%
1984Herreys
29.5%
1965France Gall
29.2%
1989Riva
27.5%
1993Niamh Kavanagh
26.7%
1996Eimear Quinn
26.4%
1972Vicky Leandros
25.6%
1968Massiel
24.1%
1973Anne-Marie David
23.7%
1957Corry Brokken
23.2%
1966Udo Jürgens
22.4%
1978Izhar Cohen & Alphabeta
21.8%
1971Séverine
21.2%
1969Salomé
21.1%
1990Toto Cutugno
21%
2001Tanel Padar, Dave Benton & 2XL
20%
1977Marie Myriam
19.5%
1969Lenny Kuhr
19.1%
1964Gigliola Cinquetti
17.9%
1979Gali Atari & Milk and Honey
17.8%
1994Paul Harrington & Charlie McGettigan
17.1%
1959Teddy Scholten
16.3%
1983Corinne Hermès
16.3%
1960Jacqueline Boyer
14.3%
1969Frida Boccara
14%
1963Grethe & Jørgen Ingmann
14%
1961Jean-Claude Pascal
13.7%
1958André Claveau
13.5%
1962Isabelle Aubret
12.9%

From the Vault

US City Triples

by THEJMAN

These cities have been divided into perfect thirds. Three cheers for each!
Remove Ads.
Support Sporcle.
Get the best of Sporcle when you Go Orange. This ad-free experience offers more features, more stats, and more fun while also helping to support Sporcle. Thank you for becoming a member.

Show Comments

Extras

Top Quizzes Today


Score Distribution

Your Account Isn't Verified!

In order to create a playlist on Sporcle, you need to verify the email address you used during registration. Go to your Sporcle Settings to finish the process.

Report this User

Report this user for behavior that violates our Community Guidelines.

Details: